| 000 | 00763nam a22002777a 4500 | ||
|---|---|---|---|
| 001 | 9539 | ||
| 003 | FISKH | ||
| 005 | 20260120115041.0 | ||
| 008 | 260120b cb ||||| |||| 00| 0 eng d | ||
| 020 | _a9781618105820 | ||
| 040 |
_aFISKH _beng _cFISKH _dFISKH |
||
| 050 | _aPZ7 | ||
| 082 | _a398.8 | ||
| 100 |
_aAnonymous _eAuthor |
||
| 245 | _aHey diddle diddle / | ||
| 260 |
_aDongguan : _bArtwood Press Limited , _c2012 |
||
| 300 |
_a8 unnumbered pages : _bcolor illustrations ; _c17 cm |
||
| 505 | _aJ | ||
| 520 | _aPresents the classic nursery rhyme with illustrations. | ||
| 521 | 8 |
_a430
_bLexile |
|
| 521 | 8 |
_aJ
_bRaz-Plus |
|
| 650 |
_aBoard book _vNursery rhymes |
||
| 650 |
_aSimple texts _vAnimals |
||
| 942 |
_2ddc _cBK _n0 |
||
| 999 |
_c9539 _d9539 |
||